| 000 | 00408nam a2200169Ia 4500 | ||
|---|---|---|---|
| 003 | 0100 | ||
| 005 | 20150407171434.0 | ||
| 008 | 130303s9999 xx 000 0 und d | ||
| 040 | _cARRUPELIB | ||
| 050 | _aPR9408.M34J4M6 | ||
| 100 |
_aJellou, Tahar Ben _916630 |
||
| 245 | _aMoha le Fou, Moha le Sage | ||
| 260 | _aParis | ||
| 260 |
_bEditions du Seuil _c1978 |
||
| 300 | _a185p | ||
| 942 |
_2lcc _cMONOGRAPH |
||
| 999 |
_c27574 _d27574 |
||